000 00810nam a22002177a 4500
999 _c17727
_d17727
003 AR-CdUCM
008 190509b ||||| |||| 00| 0 spa d
040 _aMUNICIPALIDAD PROVINCIAL DEL CUSCO
_cBIBLIOTECA MUNICIPAL DEL CUSCO
082 _a384 /
_bA31
100 _aAguilar Olano de Solis, Betty
_937877
110 _aCONCYTEC
_92809
245 _aPsicología de la comunicación /
260 _aLima :
_c1990.
300 _a200 paginas ;
_c21 cm.
505 _aContenido :Nociones y elementos de la comunicación --Psicología de la comunicación --Personalidad y comunicación --Características Psicológicas de los elementos de la comunicación ...
650 _aPsicología
_91538
650 _aComunicación
_94985
650 _aProceso
_97469
942 _2ddc
_cLIBROS
945 _arjall
_d2019-05-09